000
00195 a2200097 4500
001
2873
100
_a
Trevanian
245
_a
The Main
260
_a
_b
Granada publishing
_c
090
_c
2166
_d
2166
942
_a
NUST-CAE
_c
M
_c
12958
999
_c
237946
_d
237946